<?xml version='1.0' encoding='UTF-8'?>
  <record xmlns="http://www.loc.gov/MARC21/slim">
    <leader>00000ctm a22000007i 4500</leader>
    <controlfield tag="001">ocn965407531</controlfield>
    <controlfield tag="003">OCoLC</controlfield>
    <controlfield tag="005">20250325235213.7</controlfield>
    <controlfield tag="008">140401q1480    xx            000 0 dum d</controlfield>
    <datafield tag="040" ind1=" " ind2=" ">
      <subfield code="a">QGJ</subfield>
      <subfield code="b">dut</subfield>
      <subfield code="c">QGJ</subfield>
      <subfield code="d">OCLCL</subfield>
      <subfield code="d">OCLCQ</subfield>
    </datafield>
    <datafield tag="035" ind1=" " ind2=" ">
      <subfield code="a">(OCoLC)965407531</subfield>
    </datafield>
    <datafield tag="041" ind1="1" ind2=" ">
      <subfield code="a">dum</subfield>
      <subfield code="h">lat</subfield>
    </datafield>
    <datafield tag="130" ind1="0" ind2=" ">
      <subfield code="a">Bijbel</subfield>
      <subfield code="l">Nederlands.</subfield>
    </datafield>
    <datafield tag="245" ind1="1" ind2="0">
      <subfield code="a">Den Bibel als dat Scolastica hystoria dat verclaert.</subfield>
      <subfield code="f">UBU Hs. 1006 (4 E 3).</subfield>
    </datafield>
    <datafield tag="260" ind1=" " ind2=" ">
      <subfield code="a">[Zuid-Holland],</subfield>
      <subfield code="c">[ca. 1480]</subfield>
    </datafield>
    <datafield tag="300" ind1=" " ind2=" ">
      <subfield code="a">522 fol. ;</subfield>
      <subfield code="c">260 x 190 (180 x 140) mm.</subfield>
    </datafield>
    <datafield tag="336" ind1=" " ind2=" ">
      <subfield code="a">text</subfield>
      <subfield code="b">txt</subfield>
      <subfield code="2">rdacontent</subfield>
    </datafield>
    <datafield tag="337" ind1=" " ind2=" ">
      <subfield code="a">unmediated</subfield>
      <subfield code="b">n</subfield>
      <subfield code="2">rdamedia</subfield>
    </datafield>
    <datafield tag="338" ind1=" " ind2=" ">
      <subfield code="a">volume</subfield>
      <subfield code="b">nc</subfield>
      <subfield code="2">rdacarrier</subfield>
    </datafield>
    <datafield tag="340" ind1=" " ind2=" ">
      <subfield code="a">papier.</subfield>
    </datafield>
    <datafield tag="340" ind1=" " ind2=" ">
      <subfield code="k">2 kol., 31-38 regels, littera hybrida.</subfield>
    </datafield>
    <datafield tag="500" ind1=" " ind2=" ">
      <subfield code="a">Convoluut, bevat twee Middelnederlandse bijbelvertalingen uit het Latijn: de Zuid-Nederlandse Historiebijbel, ook bekend als de Historiebijbel van 1360 (vertaald door Petrus Naghel), ca. 1480, en de Noord-Nederlandse Historiebijbel, inclusief "Die Hystorie van Alexander" en "Die Destruccie van Jherusalem (naar Flavius Josephus), uit de 16de eeuw.</subfield>
    </datafield>
    <datafield tag="500" ind1=" " ind2=" ">
      <subfield code="a">De eerste 24 folia ontbreken.</subfield>
    </datafield>
    <datafield tag="561" ind1=" " ind2=" ">
      <subfield code="a">Blijkens een noot op p. 260r [moderne nummering in potlood] heeft de Zuid-Nederlandse Historiebijbel toebehoord aan de Regulieren buyten Schoonhoven en is het gekocht door Jan Gheritz en door hem gegeven aan de Cellebroeders in Gouda. Blijkens een noot op p. 395v [moderne nummering in potlood] is de Noord-Nederlandse Historiebijbel in bezit geweest van Anthoenis Janz. Beide handschriften zijn in de 16de of 17de eeuw in één band ingebonden, wellicht in opdracht van Peeter Oris (fl. 1591-1647) te Antwerpen. Vóór 1670 in bezit gekomen van de UB Utrecht.</subfield>
    </datafield>
    <datafield tag="563" ind1=" " ind2=" ">
      <subfield code="a">16de- of 17de-eeuwse, blind gestempelde, leren band over houten platten, met koperen knoppen en sloten waarvan de haken ontbreken.</subfield>
    </datafield>
    <datafield tag="524" ind1=" " ind2=" ">
      <subfield code="a">Te citeren als: Universiteitsbibliotheek Utrecht Hs. 1006 (4 E 3).</subfield>
    </datafield>
    <datafield tag="581" ind1=" " ind2=" ">
      <subfield code="a">M. van den Berg 'De Noordnederlandse historiebijbel. Verhaal en moraal in bijbelse (en wereldlijke) geschiedenis', in: Middelnederlandse bijbelvertalingen. Red. A. den Hollander, E. Kwakkel &amp; W. Scheepsma. Met medewerking van Martine Meuwese. Hilversum 2007, p. 59-75 (=Middeleeuwse studies en bronnen 102). p. 65, 69, afb. 14-15 (fol.301r-302v, fol A1).</subfield>
    </datafield>
    <datafield tag="581" ind1=" " ind2=" ">
      <subfield code="a">J.A.A.M. Biemans, Het begrijpen van de vorm. Inaugurele reden Universiteit van Amsterdam. Amsterdam 2005. (=Oratiereeks/Faculteit der Geesteswetenschappen) p. 5-7, 16. UB-BC: HSS O 20, 478.</subfield>
    </datafield>
    <datafield tag="581" ind1=" " ind2=" ">
      <subfield code="a">E. Overgaauw, 'Where are the colophons? On the frequency of datings in late-medieval manuscripts', in: Sources for the history of medieval books and libraries. Ed. by R. Schlusemann, J.M.M. Hermans &amp; M. Hoogvliet. Groningen (2000), p. 81-93. (= Boekhistorische reeks 2). p. 89. ABHSS: OAC 13 A.</subfield>
    </datafield>
    <datafield tag="581" ind1=" " ind2=" ">
      <subfield code="a">K. Stooker &amp; Th. Verbeij, Collecties op orde. Middelnederlandse handschriften uit kloosters en semi-religieuze gemeenschappen in de Nederlanden. 2 dln. Leuven 1997. (= Miscellanea Neerlandica 16). I, p. 44, 170, 200-201; II, p. 163 nr. 478, p. 369-370 nr. 1113. ABHSS: OSK 7.</subfield>
    </datafield>
    <datafield tag="581" ind1=" " ind2=" ">
      <subfield code="a">J.P. Gumbert, The Dutch and their books in the manuscript age. London 1990. (= The Panizzi lectures, 1989). p. 87. ABHSS: OK 6.</subfield>
    </datafield>
    <datafield tag="581" ind1=" " ind2=" ">
      <subfield code="a">J.P. Gumbert, Manuscrits datés conservés dans les Pays-Bas. Vol. 2: Les manuscrits d'origine néerlandaise (XIVe-XVIe siècles) et Suppl. au tome premier. Leiden etc. 1988. p. 152 (sub nr. 553a). UB-BC: HSS T 2 K.</subfield>
    </datafield>
    <datafield tag="581" ind1=" " ind2=" ">
      <subfield code="a">C. van Buren, Jan Hyrcanus. Een niet-gewijde geschiedenis uit de 'Eerste Middelnederlandse historiebijbel'. Doctoraalscriptie Utrecht, Fac. der Letteren, R.U. Utrecht. passim (fol. 456r-464r). ABHSS: U 11, 35.</subfield>
    </datafield>
    <datafield tag="581" ind1=" " ind2=" ">
      <subfield code="a">J.A.A.M. Biemans, Middelnederlandse bijbelhandschriften Codices manuscripti Sacrae Scripturae neerlandicae. Leiden 1984. (= Verzameling van Middelnederlandse bijbelteksten Corpus Sacrae Scripturae neerlandicae medii aevi). nr. 44. ABHSS: O 20, 220; LBNED: L ME-BIJB-c-4.</subfield>
    </datafield>
    <datafield tag="581" ind1=" " ind2=" ">
      <subfield code="a">J.A.A.M. Biemans, 'De Antwerpse boekenliefhebber Peeter Oris (ca. 1582-ca. 1647)'. in: Boeken verzamelen. Opstellen aangeboden aan Mr. J.R. de Groot bij zijn afscheid als bibliothecaris der Rijksuniversiteit te Leiden. Leiden 1983. p. 47-49. ABHSS: O 20, 220; AB: EAH 616.</subfield>
    </datafield>
    <datafield tag="581" ind1=" " ind2=" ">
      <subfield code="a">W.P. Gerritsen, 'Gheraert Leeu's Historie van Alexander en handschrift Utrecht U.B. 1006', in: Uit bibliotheektuin en informatieveld. Opstellen aangeboden aan dr. D. Grosheide bij zijn afscheid als bibliothecaris van de Rijksuniversiteit te Utrecht. Onder red. van H.F. Hofman, K. van der Horst &amp; A.H.H.M. Mathijsen. Utrecht 1978, p. 139-163. (= Reeks bibliotheek en documentatie 3). p. 145 e.v. ABHSS: U 36.</subfield>
    </datafield>
    <datafield tag="581" ind1=" " ind2=" ">
      <subfield code="a">S. Hindman, Text and image in fifteenth-century illustrated Dutch Bibles Textus et imagines in codicibus Sacrae Scripturae Neerlandicis saec. xv imaginibus ornatis. Leiden 1977. (= Verzameling van Middelnederlandse bijbelteksten. Miscellanea 1). p. 32, 143. ABHSS: NK 8.</subfield>
    </datafield>
    <datafield tag="581" ind1=" " ind2=" ">
      <subfield code="a">J. Deschamps, Middelnederlandse handschriften uit Europese en Amerikaanse bibliotheken. Tentoonstelling ter gelegenheid van het honderdjarig bestaan van de Koninklijke Zuidnederlandse Maatschappij voor Taal- en Letterkunde en Geschiedenis. Leiden 1972. Tweede herziene druk. p. 158. ABHSS: T 25.</subfield>
    </datafield>
    <datafield tag="581" ind1=" " ind2=" ">
      <subfield code="a">C.H. Ebbinge Wubben, Over Middelnederlandsche vertalingen van het Oude Testament. Bouwstoffen voor de geschiedenis der Nederlandsche bijbelvertaling. Dissertatie Leiden. 's-Gravenhage 1903. p. 29-30; passim ('18') (tekstuitgave).</subfield>
    </datafield>
    <datafield tag="581" ind1=" " ind2=" ">
      <subfield code="a">P.A. Tiele, Catalogus codicum manu scriptorum Bibliothecae Universitatis Rheno-Trajectinae. I. Trajecti ad Rhenum / Hagae Comitis 1887. p. 243-244. ABHSS: TK ut 1.</subfield>
    </datafield>
    <datafield tag="581" ind1=" " ind2=" ">
      <subfield code="a">Bart Besamusca, De geschiedenis van Alexander de Grote in vier vroege drukken, in: Jaarboek voor Nederlandse boekgeschiedenis 22 (2015), p. 126-128.</subfield>
    </datafield>
    <datafield tag="500" ind1=" " ind2=" ">
      <subfield code="a">Illustrations: gedecoreerde initialen met penwerk, lombarden, rubricering.</subfield>
    </datafield>
    <datafield tag="655" ind1=" " ind2="7">
      <subfield code="a">Handschriften (vorm)</subfield>
      <subfield code="0">(NL-LeOCL)088143309.</subfield>
      <subfield code="2">gtt</subfield>
    </datafield>
    <datafield tag="700" ind1="1" ind2=" ">
      <subfield code="a">Josephus, Flavius.</subfield>
      <subfield code="4">aut</subfield>
    </datafield>
    <datafield tag="700" ind1="0" ind2=" ">
      <subfield code="a">Petrus,</subfield>
      <subfield code="c">Naghel,</subfield>
      <subfield code="d">-1395.</subfield>
      <subfield code="4">trl</subfield>
      <subfield code="1">https://id.oclc.org/worldcat/entity/E39PBJcWxftRGgwVGDT968XmVC</subfield>
    </datafield>
    <datafield tag="700" ind1="1" ind2=" ">
      <subfield code="a">Gheritz, Jan,</subfield>
      <subfield code="e">former owner.</subfield>
      <subfield code="4">fmo</subfield>
      <subfield code="5">NL-UtRU</subfield>
    </datafield>
    <datafield tag="700" ind1="1" ind2=" ">
      <subfield code="a">Janz, Anthoenis,</subfield>
      <subfield code="e">former owner.</subfield>
      <subfield code="4">fmo</subfield>
      <subfield code="5">NL-UtRU</subfield>
    </datafield>
    <datafield tag="700" ind1="1" ind2=" ">
      <subfield code="a">Oris, Peeter,</subfield>
      <subfield code="e">former owner.</subfield>
      <subfield code="4">fmo</subfield>
      <subfield code="5">NL-UtRU</subfield>
    </datafield>
    <datafield tag="710" ind1="2" ind2=" ">
      <subfield code="a">Regulieren S. Michael (In den Hem) (Schoonhoven)</subfield>
      <subfield code="e">former owner.</subfield>
      <subfield code="4">fmo</subfield>
      <subfield code="5">NL-UtRU</subfield>
    </datafield>
    <datafield tag="710" ind1="2" ind2=" ">
      <subfield code="a">Cellebroedersklooster (Gouda)</subfield>
      <subfield code="e">former owner.</subfield>
      <subfield code="4">fmo</subfield>
      <subfield code="5">NL-UtRU</subfield>
    </datafield>
    <datafield tag="758" ind1=" " ind2=" ">
      <subfield code="a">UBU Hs. 1006 (4 E 3) Den Bibel als dat Scolastica hystoria dat verclaert (Text)</subfield>
      <subfield code="1">https://id.oclc.org/worldcat/entity/E39PCG3HHc96k4yTxKxbCdhDmb</subfield>
      <subfield code="4">https://id.oclc.org/worldcat/ontology/hasWork</subfield>
    </datafield>
    <datafield tag="856" ind1="4" ind2="1">
      <subfield code="u">http://objects.library.uu.nl/reader/resolver.php?obj=002588909&amp;type=2</subfield>
      <subfield code="x">Online</subfield>
      <subfield code="z">Full Text</subfield>
    </datafield>
    <datafield tag="936" ind1=" " ind2=" ">
      <subfield code="a">BATCHLOAD</subfield>
    </datafield>
  </record>